书目信息 |
| 题名: |
地基与基础工程施工
|
|
| 作者: | 刘福臣 , 李纪彩 , 周鹏 主编 | |
| 分册: | ||
| 出版信息: | 南京 南京大学出版社 2012 |
|
| 页数: | 308页 | |
| 开本: | 26cm | |
| 丛书名: | ||
| 单 册: | ||
| 中图分类: | TU47 , TU753 | |
| 科图分类: | ||
| 主题词: | 地基--教材--高等职业教育--工程施工 , 基础(工程)--教材--高等职业教育--工程施工 | |
| 电子资源: | ||
| ISBN: | 978-7-305-10388-9 | |
| 000 | 01179nam0 2200277 450 | |
| 001 | 3428 | |
| 005 | 20160926092728.56 | |
| 010 | @a978-7-305-10388-9@b平装@dCNY42.00 | |
| 100 | @a20121211d2012 em y0chiy50 ea | |
| 101 | 0 | @achi |
| 102 | @aCN@b320000 | |
| 105 | @ay z 000yy | |
| 200 | 1 | @a地基与基础工程施工@9di ji yu ji chu gong cheng shi gong@f刘福臣,李纪彩,周鹏主编 |
| 210 | @a南京@c南京大学出版社@d2012 | |
| 215 | @a308页@d26cm | |
| 300 | @a高职高专“十二五”规划教材 土建专业系列 | |
| 330 | @a本书共10章,介绍了岩土的基本知识、地基土的原位测试、土方开挖工程施工、基坑支护工程施工、地基基础降水与排水工程、工程地质勘察报告阅读与基坑验槽、地基处理、浅基础丁程施工、桩基础工程施工、地基基础工程季节性施工等基本理论与施工方法。书中附录介绍了灌注桩后注浆技术、复合土钉墙支护技术等16项新技术、新工艺。 | |
| 606 | 0 | @a地基@j教材@x高等职业教育@x工程施工 |
| 606 | 0 | @a基础(工程)@j教材@x高等职业教育@x工程施工 |
| 690 | @aTU47@v5 | |
| 690 | @aTU753@v5 | |
| 701 | 0 | @a刘福臣@9liu fu chen@f(1963~)@4主编 |
| 701 | 0 | @a李纪彩@9li ji cai@4主编 |
| 701 | 0 | @a周鹏@9zhou peng@c(女,@f1977~)@4主编 |
| 801 | 0 | @aCN@b唐山师范学院图书馆@c20151001 |
| 905 | @aZUCC@dTU47@e822 | |
| 地基与基础工程施工/刘福臣,李纪彩,周鹏主编.-南京:南京大学出版社,2012 |
| 308页;26cm |
| 高职高专“十二五”规划教材 土建专业系列 |
| ISBN 978-7-305-10388-9(平装):CNY42.00 |
| 本书共10章,介绍了岩土的基本知识、地基土的原位测试、土方开挖工程施工、基坑支护工程施工、地基基础降水与排水工程、工程地质勘察报告阅读与基坑验槽、地基处理、浅基础丁程施工、桩基础工程施工、地基基础工程季节性施工等基本理论与施工方法。书中附录介绍了灌注桩后注浆技术、复合土钉墙支护技术等16项新技术、新工艺。 |
| ● |
| 相关链接 |
|
|
|
|
正题名:地基与基础工程施工
索取号:TU47/822
 
预约/预借
| 序号 | 登录号 | 条形码 | 馆藏地/架位号 | 状态 | 备注 |
| 1 | 905197 | 209051979 | 第二样本阅览室/ [索取号:TU47/822] | 在馆 | |
| 2 | 905198 | 209051988 | 第三借阅区/ [索取号:TU47/822] | 在馆 | |
| 3 | 905199 | 209051997 | 第三借阅区/ [索取号:TU47/822] | 在馆 | |
| 4 | 905200 | 209052004 | 第三借阅区/ [索取号:TU47/822] | 在馆 | |
| 5 | 905201 | 209052013 | 第三借阅区/ [索取号:TU47/822] | 在馆 |